000 00491nam a22001697a 4500
999 _c9195
_d9195
008 210329b ||||| |||| 00| 0 eng d
040 _aBMS College of Architecture
100 _aPratap, Divya
245 _aCitizen centre Bidadi
300 _aNA
500 _a1BM03AT008
502 _8B.Arch
_NBMS College of Architecture, Visvesvaraya Technological University
_aProject report
_d2007
650 _aBadadi
700 _aPushpa D
_eGuide
700 _aSatish Rao
_eGuide
942 _2ddc
_cTHE